[Event "Kvika Reykjavik Open 2022"]
[Site "Reykjavik, Iceland"]
[Date "2022.04.07"]
[Round "3.20"]
[White "Valkama, Eero"]
[Black "Korley, Kassa"]
[Result "0-1"]
[WhiteElo "2244"]
[BlackElo "2400"]
[PlyCount "108"]
[EventDate "2022.??.??"]

1. e4 {[%eval 33,0]} e5 {[%eval 12,0]} 2. Nf3 {[%eval 19,0]} Nf6 {[%eval 4,0]}
3. Nxe5 {[%eval 34,0]} d6 {[%eval 37,0]} 4. Nf3 {[%eval 35,0]} Nxe4 {[%eval 25,
0]} 5. Qe2 {[%eval 17,0]} Qe7 {[%eval 24,0]} 6. d3 {[%eval 0,0]} Nf6 {[%eval 0,
0]} 7. Bg5 {[%eval 0,0]} Nbd7 {[%eval 36,0]} 8. Nc3 {[%eval 25,0]} Qxe2+ {
[%eval 23,0]} 9. Bxe2 {[%eval 26,0]} h6 {[%eval 22,0]} 10. Bd2 {[%eval 29,0]}
c6 {[%eval 23,0]} 11. O-O {[%eval 26,0]} d5 {[%eval 43,0]} 12. Rfe1 {[%eval 29,
0]} Bd6 {[%eval 49,0]} 13. d4 {[%eval 4,0]} O-O {[%eval 1,0]} 14. Bd3 {[%eval
13,0]} Re8 {[%eval 23,0]} 15. Rxe8+ {[%eval 25,0]} Nxe8 {[%eval 22,0]} 16. Re1
{[%eval 27,0]} Nc7 {[%eval 28,0]} 17. Ne2 {[%eval 24,0]} Ne6 {[%eval 25,0]} 18.
Nh4 {[%eval 1,0]} Nf6 {[%eval 1,0]} 19. Nf5 {[%eval 4,0]} Bf8 {[%eval 13,0]}
20. c3 {[%eval 17,0]} h5 {[%eval 6,0]} 21. Nf4 {[%eval 12,0]} g6 {[%eval 12,0]}
22. Nxe6 {[%eval 14,0]} Bxe6 {[%eval 9,0]} 23. Nh4 {[%eval 1,0]} Re8 {[%eval
15,0]} 24. Nf3 {[%eval 16,0]} Bd6 {[%eval 23,0]} 25. Ng5 {[%eval 6,0]} Bd7 {
[%eval 0,0]} 26. Rxe8+ {[%eval 7,0]} Nxe8 {[%eval 0,0]} 27. Nf3 {[%eval 0,0]}
Nc7 {[%eval 8,0]} 28. Ne1 {[%eval 0,0]} Kg7 {[%eval 0,0]} 29. h4 {[%eval 0,0]}
Ne6 {[%eval 0,0]} 30. g3 {[%eval 0,0]} f6 {[%eval 11,0]} 31. Kg2 {[%eval 5,0]}
Kf7 {[%eval 9,0]} 32. Nc2 {[%eval 7,0]} Ng7 {[%eval 4,0]} 33. Ne3 {[%eval 1,0]}
g5 {[%eval 16,0]} 34. Kf3 $6 {[%eval 38,0] Inaccuracy. c4 was best.} (34. c4
gxh4 35. cxd5 cxd5 36. gxh4 Ne6 37. Nf5 Nf4+ 38. Bxf4 Bxf5 39. Bxf5 Bxf4 40.
Kf3 Bh6) 34... gxh4 {[%eval 25,0]} 35. gxh4 {[%eval 55,0]} Bh3 {[%eval 29,0]}
36. Ke2 $6 {[%eval -95,0] Inaccuracy. c4 was best.} (36. c4 Ne6 37. Bc3 dxc4
38. Bxc4 b5 39. Bb3 b4 40. Bd2 a5 41. Ke2 Kg6 42. Nc2 Bg4+) 36... f5 {[%eval
-98,0]} 37. Kf3 $2 {[%eval -166,0] Mistake. b4 was best.} (37. b4 f4) 37... f4
{[%eval -142,0]} 38. Nf1 {[%eval -156,0]} Bg4+ {[%eval -137,0]} 39. Kg2 {
[%eval -165,0]} Nf5 {[%eval -176,0]} 40. Bxf5 {[%eval -133,0]} f3+ {[%eval
-181,0]} 41. Kg1 {[%eval -187,0]} Bxf5 {[%eval -136,0]} 42. Bg5 {[%eval -157,0]
} Kg6 {[%eval -3,0]} 43. Nd2 {[%eval -188,0]} Be4 {[%eval -186,0]} 44. Kf1 {
[%eval -198,0]} Bd3+ $6 {[%eval -42,0] Inaccuracy. Kf5 was best.} (44... Kf5
45. a4) 45. Ke1 {[%eval -79,0]} Be2 {[%eval -95,0]} 46. Nb3 {[%eval -57,0]} b6
{[%eval -46,0]} 47. Nc1 $6 {[%eval -136,0] Inaccuracy. Kd2 was best.} (47. Kd2
Kf5 48. Ke3 Kg4 49. Na1 c5 50. Nc2 a5 51. a3 Bd1 52. Ne1 cxd4+ 53. cxd4 Be2)
47... Ba6 {[%eval -195,0]} 48. Kd2 {[%eval -165,0]} Kf5 {[%eval -1,0]} 49. Ke3
{[%eval -171,0]} Kg4 {[%eval -188,0]} 50. Nb3 {[%eval -169,0]} Be2 $6 {[%eval
-48,0] Inaccuracy. Bc4 was best.} (50... Bc4 51. Nd2 Be2 52. Nb3 c5 53. dxc5
bxc5 54. Na5 Kh3 55. Nb7 d4+ 56. cxd4 cxd4+ 57. Kxd4) 51. Nd2 $4 {[%eval -252,
0] Blunder. Na1 was best.} (51. Na1 Bc7) 51... c5 {[%eval -255,0]} 52. a3 {
[%eval -398,0]} c4 {[%eval -226,0]} 53. Nb1 {[%eval -375,0]} Kh3 {[%eval -101,
0]} 54. Nd2 {[%eval -400,0]} Kg2 {[%eval -211,0]} 0-1

[Event "Kvika Reykjavik Open 2022"]
[Site "Reykjavik, Iceland"]
[Date "2022.04.07"]
[Round "3.21"]
[White "Mishra, Abhimanyu"]
[Black "Marie, Maxime"]
[Result "1-0"]
[WhiteElo "2524"]
[BlackElo "2150"]
[PlyCount "47"]
[EventDate "2022.??.??"]

1. d4 {[%eval 3,0]} Nf6 {[%eval 23,0]} 2. c4 {[%eval 2,0]} e6 {[%eval 23,0]} 3.
Nf3 {[%eval 0,0]} Bb4+ {[%eval 36,0]} 4. Bd2 {[%eval 0,0]} a5 {[%eval 5,0]} 5.
a3 {[%eval 17,0]} Bxd2+ {[%eval 44,0]} 6. Qxd2 {[%eval 37,0]} b6 {[%eval 46,0]}
7. Nc3 {[%eval 36,0]} d5 {[%eval 62,0]} 8. cxd5 {[%eval 75,0]} exd5 {[%eval 5,
0]} 9. g3 {[%eval 51,0]} O-O {[%eval 5,0]} 10. Bg2 {[%eval 5,0]} Re8 {[%eval
48,0]} 11. Qc2 {[%eval 39,0]} g6 {[%eval 54,0]} 12. O-O {[%eval 57,0]} Bf5 {
[%eval 42,0]} 13. Qb3 {[%eval 29,0]} c6 {[%eval 4,0]} 14. Ne5 {[%eval 45,0]}
Ra7 {[%eval 42,0]} 15. Rac1 {[%eval 48,0]} b5 {[%eval 81,0]} 16. e3 $6 {
[%eval 13,0] Inaccuracy. Nd1 was best.} (16. Nd1 Qb6 17. Ne3 Be6 18. Qc3 Rc7
19. b4 axb4 20. axb4 h5 21. Nd3 Nbd7 22. Nc5 Ra7) 16... Ng4 $6 {[%eval 68,0]
Inaccuracy. Rc7 was best.} (16... Rc7 17. h3) 17. Nxc6 {[%eval 41,0]} Nxc6 {
[%eval 28,0]} 18. Nxb5 {[%eval 6,0]} Qb8 $4 {[%eval 574,0] Blunder. Ra6 was
best.} (18... Ra6 19. Bxd5) 19. Rxc6 {[%eval 567,0]} a4 {[%eval 653,0]} 20.
Qxd5 {[%eval 669,0]} Ra5 {[%eval 623,0]} 21. Rc5 {[%eval 632,0]} Bd3 {[%eval
805,0]} 22. Nd6 {[%eval 839,0]} Rxc5 {[%eval 1707,0]} 23. Qxf7+ {[%eval 1728,0]
} Kh8 {[%eval 1689,0]} 24. Nxe8 {[%eval 1646,0]} 1-0

[Event "Kvika Reykjavik Open 2022"]
[Site "Reykjavik, Iceland"]
[Date "2022.04.07"]
[Round "3.23"]
[White "Willow, Jonah B"]
[Black "Coursaget, Nicolas"]
[Result "1-0"]
[WhiteElo "2411"]
[BlackElo "2180"]
[PlyCount "70"]
[EventDate "2022.??.??"]

1. e4 {[%eval 33,0]} c6 {[%eval 56,0]} 2. d4 {[%eval 35,0]} d5 {[%eval 49,0]}
3. e5 {[%eval 28,0]} c5 {[%eval 0,0]} 4. dxc5 {[%eval 48,0]} Nc6 {[%eval 74,0]}
5. Nf3 {[%eval 15,0]} Bg4 {[%eval 71,0]} 6. c3 {[%eval 62,0]} Bxf3 {[%eval 86,
0]} 7. Qxf3 {[%eval 67,0]} e6 {[%eval 65,0]} 8. b4 {[%eval 58,0]} Nxe5 {
[%eval 77,0]} 9. Bb5+ {[%eval 79,0]} Nc6 {[%eval 36,0]} 10. O-O {[%eval 75,0]}
Be7 {[%eval 87,0]} 11. Bf4 {[%eval 91,0]} Bf6 {[%eval 58,0]} 12. Nd2 {[%eval 7,
0]} Nge7 {[%eval 55,0]} 13. Rad1 {[%eval 5,0]} Qc8 $6 {[%eval 114,0]
Inaccuracy. O-O was best.} (13... O-O) 14. Rfe1 $2 {[%eval 13,0] Mistake. Bd6
was best.} (14. Bd6 O-O 15. Bd3 Rd8 16. Qh3 g6 17. f4 b6 18. Nf3 Nf5 19. Bxf5
exf5 20. Ne5 bxc5) 14... O-O {[%eval 23,0]} 15. Bd6 {[%eval 33,0]} Rd8 {
[%eval 56,0]} 16. Bxc6 {[%eval 18,0]} Qxc6 {[%eval 1,0]} 17. Nb3 $6 {[%eval 47,
0] Inaccuracy. c4 was best.} (17. c4 dxc4) 17... Qa4 {[%eval 6,0]} 18. Rd2 {
[%eval 43,0]} Nc6 {[%eval 57,0]} 19. Qd3 {[%eval 58,0]} Rd7 {[%eval 17,0]} 20.
Rb1 {[%eval 55,0]} Rc8 {[%eval 25,0]} 21. f4 {[%eval 14,0]} a6 {[%eval 45,0]}
22. f5 {[%eval 54,0]} exf5 $6 {[%eval 117,0] Inaccuracy. Re8 was best.} (22...
Re8) 23. Qxf5 {[%eval 112,0]} Rcd8 $6 {[%eval 177,0] Inaccuracy. Ne7 was best.}
(23... Ne7) 24. Re2 {[%eval 164,0]} Ne7 {[%eval 175,0]} 25. Qf3 {[%eval 162,0]}
Rxd6 $2 {[%eval 327,0] Mistake. h6 was best.} (25... h6 26. Rf1) 26. cxd6 {
[%eval 316,0]} Rxd6 {[%eval 304,0]} 27. Rbe1 {[%eval 331,0]} Qd7 {[%eval 308,0]
} 28. Nc5 {[%eval 331,0]} Qc7 {[%eval 353,0]} 29. Qf4 $2 {[%eval 166,0]
Mistake. c4 was best.} (29. c4 h6 30. cxd5 Nxd5 31. Kh1 Bc3 32. Re8+ Kh7 33.
Ne4 Bxe1 34. Nxd6 Bxb4 35. Qf5+ g6) 29... g5 $6 {[%eval 204,0] Inaccuracy. b6
was best.} (29... b6 30. Nxa6) 30. Qg3 {[%eval 292,0]} Ng6 $2 {[%eval 461,0]
Mistake. Nf5 was best.} (30... Nf5 31. Qd3) 31. Nxb7 {[%eval 391,0]} Qb6+ $6 {
[%eval 531,0] Inaccuracy. Rc6 was best.} (31... Rc6 32. Qxc7 Rxc7 33. Nd6 Bxc3
34. Re8+ Kg7 35. Rf1 Rd7 36. Nf5+ Kf6 37. Ng3+ Kg7 38. Ra8) 32. Nc5 $6 {
[%eval 384,0] Inaccuracy. Kh1 was best.} (32. Kh1 Rc6 33. Nc5 Qb5 34. Rf2 Qc4
35. Ref1 Qxc3 36. Nd7 Be7 37. Qxc3 Rxc3 38. Nb6 Rd3) 32... d4 {[%eval 339,0]}
33. Kh1 {[%eval 326,0]} Nf4 $2 {[%eval 519,0] Mistake. dxc3 was best.} (33...
dxc3 34. Ne4) 34. Re8+ {[%eval 542,0]} Kg7 {[%eval 529,0]} 35. Ne4 {[%eval 475,
0]} dxc3 {[%eval 571,0]} 1-0

[Event "Kvika Reykjavik Open 2022"]
[Site "Reykjavik, Iceland"]
[Date "2022.04.07"]
[Round "3.24"]
[White "Baskin, Robert"]
[Black "Decosse, Jean-Fabien"]
[Result "1/2-1/2"]
[WhiteElo "2393"]
[BlackElo "2160"]
[PlyCount "56"]
[EventDate "2022.??.??"]

1. e4 {[%eval 33,0]} d6 {[%eval 75,0]} 2. d4 {[%eval 4,0]} Nf6 {[%eval 63,0]}
3. Nc3 {[%eval 57,0]} e5 {[%eval 52,0]} 4. Nf3 {[%eval 5,0]} Nbd7 {[%eval 48,0]
} 5. Bc4 {[%eval 49,0]} Be7 {[%eval 4,0]} 6. a4 {[%eval 6,0]} O-O {[%eval 37,0]
} 7. O-O {[%eval 33,0]} a5 {[%eval 4,0]} 8. h3 {[%eval 76,0]} c6 {[%eval 99,0]}
9. Re1 {[%eval 58,0]} exd4 {[%eval 86,0]} 10. Qxd4 {[%eval 104,0]} Nc5 {
[%eval 77,0]} 11. Bf4 {[%eval 79,0]} Ne6 {[%eval 103,0]} 12. Bxe6 {[%eval 94,0]
} Bxe6 {[%eval 89,0]} 13. Rad1 {[%eval 100,0]} d5 {[%eval 81,0]} 14. exd5 {
[%eval 84,0]} cxd5 {[%eval 102,0]} 15. Ng5 {[%eval 69,0]} Bf5 {[%eval 93,0]}
16. Qe5 {[%eval 43,0]} Bxc2 {[%eval 56,0]} 17. Qxe7 {[%eval 62,0]} Qxe7 {
[%eval 56,0]} 18. Rxe7 {[%eval 62,0]} Bxd1 {[%eval 55,0]} 19. Nxd1 {[%eval 53,
0]} Rfe8 {[%eval 62,0]} 20. Rxe8+ {[%eval 31,0]} Rxe8 {[%eval 69,0]} 21. Bd2 $6
{[%eval 17,0] Inaccuracy. Kf1 was best.} (21. Kf1 h6 22. Nf3 Re4 23. Be5 Rxa4
24. Bxf6 gxf6 25. Ke2 f5 26. Ne1 Re4+ 27. Kd2 d4) 21... Ne4 {[%eval 21,0]} 22.
Nxe4 {[%eval 26,0]} Rxe4 {[%eval 44,0]} 23. Kf1 $6 {[%eval -97,0] Inaccuracy.
Nc3 was best.} (23. Nc3 Rb4) 23... Rxa4 {[%eval 59,0]} 24. Ke2 $6 {[%eval -53,
0] Inaccuracy. Ne3 was best.} (24. Ne3) 24... d4 {[%eval -61,0]} 25. f3 {
[%eval -63,0]} f5 $6 {[%eval 53,0] Inaccuracy. f6 was best.} (25... f6 26. Nf2)
26. Nf2 {[%eval 48,0]} Kf7 {[%eval 4,0]} 27. Nd3 {[%eval 48,0]} b6 $6 {[%eval
6,0] Inaccuracy. Ra1 was best.} (27... Ra1 28. Ne1 Rb1 29. Bxa5 Rxb2+ 30. Kd3
b6 31. Bd2 Ke6 32. Bc1 Rb1 33. Kc2 Ra1 34. Nd3) 28. Bf4 $6 {[%eval 52,0]
Inaccuracy. Nc1 was best.} (28. Nc1 Ra1) 28... Ke6 {[%eval 16,0]} 1/2-1/2

[Event "Kvika Reykjavik Open 2022"]
[Site "Reykjavik, Iceland"]
[Date "2022.04.07"]
[Round "3.25"]
[White "Kull, Florian"]
[Black "Sukandar, Irine Kharisma"]
[Result "0-1"]
[WhiteElo "2138"]
[BlackElo "2386"]
[PlyCount "80"]
[EventDate "2022.??.??"]

1. c4 {[%eval 23,0]} c5 {[%eval 3,0]} 2. Nc3 {[%eval 34,0]} Nc6 {[%eval 36,0]}
3. g3 {[%eval 13,0]} g6 {[%eval 26,0]} 4. Bg2 {[%eval 3,0]} Bg7 {[%eval 13,0]}
5. a3 {[%eval 9,0]} d6 {[%eval 1,0]} 6. Rb1 {[%eval 17,0]} e6 {[%eval 25,0]} 7.
e3 {[%eval 8,0]} Nge7 {[%eval 5,0]} 8. Nge2 {[%eval 16,0]} O-O {[%eval 33,0]}
9. O-O {[%eval 0,0]} b6 {[%eval 11,0]} 10. b4 {[%eval 0,0]} d5 $6 {[%eval 72,0]
Inaccuracy. Rb8 was best.} (10... Rb8 11. d3 Bb7 12. e4 Ne5 13. h3 f5 14. f4
N5c6 15. Be3 Qd7 16. Bf2 Rf7 17. Kh2) 11. d4 $6 {[%eval 1,0] Inaccuracy. bxc5
was best.} (11. bxc5 dxc4 12. a4 Rb8 13. Ba3 Bb7 14. cxb6 axb6 15. Qc2 Na5 16.
Rfd1 Bxg2 17. Kxg2 Qd7) 11... cxd4 {[%eval 11,0]} 12. exd4 {[%eval 3,0]} Bb7 $6
{[%eval 103,0] Inaccuracy. Nf5 was best.} (12... Nf5 13. cxd5) 13. b5 {[%eval
101,0]} Na5 {[%eval 113,0]} 14. c5 {[%eval 113,0]} bxc5 {[%eval 124,0]} 15.
dxc5 {[%eval 104,0]} d4 $6 {[%eval 178,0] Inaccuracy. Rc8 was best.} (15... Rc8
16. c6) 16. Ne4 {[%eval 192,0]} Bd5 {[%eval 178,0]} 17. Nd6 $4 {[%eval 9,0]
Blunder. Nf4 was best.} (17. Nf4 Rc8 18. Qc2 Bxe4 19. Bxe4 e5 20. Nd3 f5 21.
Bg2 e4 22. Bd2 Nd5 23. Qa4 Nc3) 17... Bxg2 {[%eval 4,0]} 18. Kxg2 {[%eval 9,0]}
Qc7 {[%eval 31,0]} 19. Bd2 $2 {[%eval -85,0] Mistake. Bg5 was best.} (19. Bg5
Nc8) 19... Qxc5 {[%eval 82,0]} 20. Bb4 {[%eval -62,0]} Qd5+ $6 {[%eval 76,0]
Inaccuracy. Qb6 was best.} (20... Qb6 21. Nf4) 21. Kg1 {[%eval 54,0]} e5 {
[%eval 13,0]} 22. Re1 {[%eval 35,0]} Nb7 $6 {[%eval 21,0] Inaccuracy. Rfd8 was
best.} (22... Rfd8 23. Bxa5 Qxd6 24. Bxd8 Rxd8 25. Qd3 Nd5 26. a4 h5 27. a5 Kh7
28. Red1 Qc7 29. b6) 23. Nxd4 {[%eval 1,0]} exd4 {[%eval 16,0]} 24. Nxb7 {
[%eval 5,0]} Qxb7 {[%eval 9,0]} 25. Rxe7 {[%eval 7,0]} Qd5 {[%eval 5,0]} 26.
Qd3 {[%eval 3,0]} Bf6 $2 {[%eval 166,0] Mistake. Rfc8 was best.} (26... Rfc8)
27. Rc7 {[%eval 158,0]} Rfe8 {[%eval 166,0]} 28. Rbc1 {[%eval 200,0]} h5 $6 {
[%eval 317,0] Inaccuracy. Be5 was best.} (28... Be5 29. R1c5) 29. R1c5 {
[%eval 273,0]} Qe4 {[%eval 339,0]} 30. Qb3 $4 {[%eval 33,0] Blunder. Qxe4 was
best.} (30. Qxe4) 30... Re6 {[%eval 36,0]} 31. R5c6 {[%eval 0,0]} h4 $6 {
[%eval 97,0] Inaccuracy. d3 was best.} (31... d3 32. Rxe6 fxe6 33. Qc4 Bd4 34.
Qc6 Bxf2+ 35. Kxf2 Qe2+ 36. Kg1 Qd1+ 37. Kg2 Qe2+ 38. Kg1) 32. gxh4 $4 {
[%eval -97,0] Blunder. Rxe6 was best.} (32. Rxe6 fxe6 33. Qc2 Qxc2 34. Rxc2 d3
35. Rc6 Rd8 36. Bd2 Rd5 37. a4 hxg3 38. hxg3 Bd4) 32... Bxh4 $4 {[%eval 58,0]
Blunder. Rae8 was best.} (32... Rae8) 33. Rxe6 {[%eval 68,0]} fxe6 {[%eval 86,
0]} 34. Qh3 $6 {[%eval 0,0] Inaccuracy. f3 was best.} (34. f3 Qe2) 34... Re8 {
[%eval 25,0]} 35. Qg2 {[%eval 0,0]} Qb1+ {[%eval 0,0]} 36. Qf1 {[%eval 0,0]}
Qf5 {[%eval 19,0]} 37. Rc5 $4 {[%eval -286,0] Blunder. h3 was best.} (37. h3
Rd8 38. Qg2 d3 39. Bd2 Rf8 40. Be3 Bxf2+ 41. Bxf2 d2 42. Rd7 Qc2 43. Qg4 d1=Q+)
37... Qg4+ {[%eval -300,0]} 38. Qg2 $4 {[%eval -839,0] Blunder. Kh1 was best.}
(38. Kh1 Rf8) 38... Qd1+ {[%eval -898,0]} 39. Qf1 {[%eval -868,0]} Bxf2+ {
[%eval -693,0]} 40. Kg2 {[%eval -938,0]} Qg4+ {[%eval -515,0]} 0-1

[Event "Kvika Reykjavik Open 2022"]
[Site "Reykjavik, Iceland"]
[Date "2022.04.07"]
[Round "3.26"]
[White "Martin, Julian"]
[Black "Sigeman, Johan"]
[Result "1-0"]
[WhiteElo "2385"]
[BlackElo "2136"]
[PlyCount "97"]
[EventDate "2022.??.??"]

1. e4 {[%eval 33,0]} e5 {[%eval 12,0]} 2. Nf3 {[%eval 19,0]} Nc6 {[%eval 32,0]}
3. Bb5 {[%eval 24,0]} a6 {[%eval 37,0]} 4. Ba4 {[%eval 35,0]} Nf6 {[%eval 37,0]
} 5. O-O {[%eval 29,0]} Nxe4 {[%eval 41,0]} 6. d4 {[%eval 21,0]} b5 {[%eval 2,
0]} 7. Bb3 {[%eval 21,0]} d5 {[%eval 43,0]} 8. dxe5 {[%eval 47,0]} Be6 {
[%eval 57,0]} 9. Qe2 {[%eval 33,0]} Be7 {[%eval 18,0]} 10. Rd1 {[%eval 49,0]}
O-O {[%eval 2,0]} 11. c4 {[%eval 0,0]} bxc4 {[%eval 0,0]} 12. Bxc4 {[%eval 1,0]
} Bc5 {[%eval 24,0]} 13. Be3 {[%eval 34,0]} Bxe3 {[%eval 23,0]} 14. Qxe3 {
[%eval 16,0]} Qb8 {[%eval 1,0]} 15. Bb3 {[%eval 23,0]} Na5 {[%eval 24,0]} 16.
Nd4 {[%eval 35,0]} Nxb3 {[%eval 35,0]} 17. Nxb3 {[%eval 45,0]} Qb6 $6 {[%eval
118,0] Inaccuracy. a5 was best.} (17... a5 18. Nc3) 18. Qxb6 {[%eval 134,0]}
cxb6 {[%eval 125,0]} 19. f3 {[%eval 124,0]} Nc5 {[%eval 102,0]} 20. Nd4 {
[%eval 113,0]} Rac8 {[%eval 122,0]} 21. Nc3 {[%eval 122,0]} Rfd8 {[%eval 145,0]
} 22. Rac1 {[%eval 108,0]} h5 {[%eval 137,0]} 23. Nce2 {[%eval 87,0]} g6 $2 {
[%eval 218,0] Mistake. Re8 was best.} (23... Re8 24. Nf4 h4 25. g3 g5 26. Nh5
Nd7 27. gxh4 gxh4 28. Re1 Rxc1 29. Rxc1 Kh7 30. Rc6) 24. Nf4 {[%eval 223,0]}
Re8 {[%eval 213,0]} 25. Ndxe6 {[%eval 182,0]} fxe6 {[%eval 226,0]} 26. Nxg6 {
[%eval 201,0]} Kf7 {[%eval 207,0]} 27. Nf4 {[%eval 206,0]} h4 {[%eval 247,0]}
28. g4 $6 {[%eval 163,0] Inaccuracy. Ne2 was best.} (28. Ne2 a5 29. g4 hxg3 30.
hxg3 Rh8 31. Kg2 Rh5 32. f4 Rch8 33. Rh1 Rxh1 34. Rxh1 Rxh1) 28... Nd7 $6 {
[%eval 206,0] Inaccuracy. hxg3 was best.} (28... hxg3 29. hxg3) 29. Nd3 {
[%eval 258,0]} Nc5 {[%eval 221,0]} 30. Nxc5 $6 {[%eval 134,0] Inaccuracy. Rc3
was best.} (30. Rc3 Nxd3 31. Rdxd3 Kg6 32. Rxc8 Rxc8 33. Rc3 Rxc3 34. bxc3 Kg5
35. Kf2 Kf4 36. Ke2 b5) 30... Rxc5 $6 {[%eval 203,0] Inaccuracy. bxc5 was best.
} (30... bxc5) 31. Rxc5 {[%eval 166,0]} bxc5 {[%eval 179,0]} 32. b3 {[%eval
139,0]} Rb8 $6 {[%eval 251,0] Inaccuracy. Kg6 was best.} (32... Kg6 33. Rc1 Rc8
34. f4 Rf8 35. Rf1 c4 36. Kg2 c3 37. Kf3 d4 38. Ke4 c2 39. Rc1) 33. Rc1 {
[%eval 226,0]} Rb5 $6 {[%eval 319,0] Inaccuracy. Kg6 was best.} (33... Kg6 34.
Rxc5) 34. Kg2 {[%eval 293,0]} Kg6 {[%eval 208,0]} 35. f4 {[%eval 209,0]} Rb4 {
[%eval 312,0]} 36. Kf3 {[%eval 303,0]} Rb5 {[%eval 338,0]} 37. Kg2 {[%eval 287,
0]} Rb4 {[%eval 275,0]} 38. Rf1 {[%eval 226,0]} Re4 {[%eval 221,0]} 39. Kf3 {
[%eval 228,0]} Rb4 $6 {[%eval 304,0] Inaccuracy. Rd4 was best.} (39... Rd4 40.
Kg2 c4 41. bxc4 dxc4 42. Kh3 Rd2 43. Rc1 Rd4 44. Kxh4 Rxf4 45. Rc3 a5 46. Kg3)
40. Kg2 $6 {[%eval 201,0] Inaccuracy. Rc1 was best.} (40. Rc1) 40... Re4 {
[%eval 238,0]} 41. Kh3 {[%eval 200,0]} Re2 {[%eval 241,0]} 42. f5+ $4 {[%eval
55,0] Blunder. Rc1 was best.} (42. Rc1 Rf2 43. Kxh4 Rxf4 44. Rxc5 Re4 45. Rc6
Rxe5 46. Rxa6 Kf6 47. a4 Re2 48. b4 Rxh2+) 42... Kf7 $4 {[%eval 306,0] Blunder.
exf5 was best.} (42... exf5 43. Rxf5) 43. f6 {[%eval 332,0]} Rxe5 {[%eval 304,
0]} 44. Kxh4 {[%eval 373,0]} Re2 {[%eval 429,0]} 45. h3 {[%eval 358,0]} d4 $6 {
[%eval 405,0] Inaccuracy. Rg2 was best.} (45... Rg2 46. g5 d4 47. Rf3 a5 48.
Rg3 Rf2 49. Kh5 Rf4 50. a4 Kf8 51. Rg1 e5 52. Rc1) 46. g5 {[%eval 413,0]} Rg2 {
[%eval 434,0]} 47. Rf3 {[%eval 444,0]} e5 $6 {[%eval 648,0] Inaccuracy. Rg1
was best.} (47... Rg1 48. Rg3) 48. Rg3 {[%eval 707,0]} Rxg3 {[%eval 798,0]} 49.
Kxg3 {[%eval 762,0]} 1-0

[Event "Kvika Reykjavik Open 2022"]
[Site "Reykjavik, Iceland"]
[Date "2022.04.07"]
[Round "3.27"]
[White "Thorfinnsson, Bjorn"]
[Black "De Coninck, Rafael"]
[Result "1-0"]
[WhiteElo "2381"]
[BlackElo "2119"]
[PlyCount "31"]
[EventDate "2022.??.??"]

1. d4 {[%eval 3,0]} d5 {[%eval 35,0]} 2. Nf3 {[%eval 28,0]} Nf6 {[%eval 25,0]}
3. Bg5 {[%eval 7,0]} e6 {[%eval 14,0]} 4. e3 {[%eval 2,0]} Nbd7 {[%eval 37,0]}
5. c3 {[%eval 0,0]} h6 {[%eval 25,0]} 6. Bh4 {[%eval 43,0]} g5 {[%eval 53,0]}
7. Bg3 {[%eval 5,0]} Ne4 {[%eval 59,0]} 8. Nbd2 {[%eval 71,0]} h5 {[%eval -98,
0]} 9. Qc2 {[%eval 95,0]} h4 {[%eval 87,0]} 10. Be5 {[%eval 75,0]} f6 {[%eval
59,0]} 11. Nxe4 {[%eval 76,0]} dxe4 {[%eval 92,0]} 12. Qxe4 {[%eval 86,0]} Rh6
{[%eval 88,0]} 13. Bxc7 {[%eval 74,0]} Qxc7 {[%eval 97,0]} 14. Qxe6+ {[%eval
81,0]} Be7 $4 {[%eval 144,0] Blunder. Kd8 was best.} (14... Kd8) 15. Nxg5 {
[%eval 155,0]} Nf8 {[%eval 157,0]} 16. Bb5+ {[%eval 122,0]} 1-0

[Event "Kvika Reykjavik Open 2022"]
[Site "Reykjavik, Iceland"]
[Date "2022.04.07"]
[Round "3.28"]
[White "Fantinel, Thibault"]
[Black "Karlsson, Mikael Johann"]
[Result "1-0"]
[WhiteElo "2378"]
[BlackElo "2119"]
[PlyCount "81"]
[EventDate "2022.??.??"]

1. e4 {[%eval 33,0]} c5 {[%eval 32,0]} 2. Nf3 {[%eval 0,0]} Nc6 {[%eval 0,0]}
3. Bb5 {[%eval 51,0]} g6 {[%eval 59,0]} 4. O-O {[%eval 2,0]} Bg7 {[%eval 43,0]}
5. Nc3 {[%eval 1,0]} e5 {[%eval 0,0]} 6. d3 {[%eval 5,0]} Nge7 {[%eval 3,0]} 7.
Bc4 {[%eval 8,0]} O-O {[%eval 13,0]} 8. a3 {[%eval 15,0]} d6 {[%eval 12,0]} 9.
b4 {[%eval 23,0]} Bg4 {[%eval 55,0]} 10. bxc5 $6 {[%eval 9,0] Inaccuracy. Bg5
was best.} (10. Bg5) 10... dxc5 $6 {[%eval 47,0] Inaccuracy. Nd4 was best.} (
10... Nd4) 11. h3 {[%eval 48,0]} Bxf3 {[%eval 59,0]} 12. Qxf3 {[%eval 77,0]}
Nd4 {[%eval 72,0]} 13. Qd1 {[%eval 103,0]} Qd7 {[%eval 108,0]} 14. a4 {[%eval
91,0]} Nec6 {[%eval 136,0]} 15. Nd5 {[%eval 146,0]} Kh8 {[%eval 175,0]} 16. a5
{[%eval 184,0]} Rab8 {[%eval 235,0]} 17. c3 {[%eval 203,0]} Ne6 {[%eval 217,0]}
18. Qb3 {[%eval 183,0]} Qd8 {[%eval 199,0]} 19. Qb5 {[%eval 191,0]} Qd6 {
[%eval 163,0]} 20. Be3 {[%eval 107,0]} f5 {[%eval 182,0]} 21. f3 {[%eval 203,0]
} f4 {[%eval 168,0]} 22. Bf2 {[%eval 222,0]} Rfd8 $6 {[%eval 301,0] Inaccuracy.
Bh6 was best.} (22... Bh6 23. Qb2) 23. Rfb1 {[%eval 300,0]} Bf8 {[%eval 254,0]}
24. Qa4 {[%eval 269,0]} Ne7 {[%eval 327,0]} 25. Rb5 $6 {[%eval 245,0]
Inaccuracy. Nxe7 was best.} (25. Nxe7) 25... Nc8 $6 {[%eval 374,0] Inaccuracy.
b6 was best.} (25... b6 26. Nxe7 Bxe7 27. Rab1 Nf8 28. axb6 axb6 29. d4 Nd7 30.
Qb3 Kg7 31. Kh2 Ra8 32. Be6) 26. Qb3 $6 {[%eval 273,0] Inaccuracy. Rb2 was
best.} (26. Rb2) 26... Qc6 {[%eval 252,0]} 27. Qa2 {[%eval 224,0]} Nd6 {
[%eval 207,0]} 28. Rb2 {[%eval 221,0]} Nxc4 {[%eval 254,0]} 29. Qxc4 {[%eval
241,0]} Rbc8 {[%eval 300,0]} 30. Rab1 {[%eval 299,0]} Rd7 $2 {[%eval 591,0]
Mistake. Rb8 was best.} (30... Rb8 31. d4) 31. Nb6 {[%eval 637,0]} Rcd8 {
[%eval 575,0]} 32. Nxd7 {[%eval 601,0]} Rxd7 {[%eval 667,0]} 33. Rb6 {[%eval
648,0]} axb6 {[%eval 661,0]} 34. Rxb6 {[%eval 624,0]} Qc7 {[%eval 639,0]} 35.
Qxe6 {[%eval 604,0]} Rxd3 {[%eval 805,0]} 36. Bh4 {[%eval 871,0]} Qd7 {[%eval
839,0]} 37. Bf6+ {[%eval 807,0]} Bg7 {[%eval 877,0]} 38. Qxe5 {[%eval 793,0]}
Bxf6 {[%eval 815,0]} 39. Rxf6 {[%eval 761,0]} (39. Re6) 39... Kg8 {[%eval 796,
0]} 40. Qxc5 {[%eval 798,0]} Qd8 {[%eval 786,0]} 41. Rxf4 {[%eval 823,0]} 1-0